Morte Improvvisa - Giocatori che hanno vinto Champions e Europa League - Statistics

Statistiche generali
  • Questo quiz è stato fatto 364 volte
    310 dall'ultimo reset
  • Il punteggio medio è 5 su 10
Answers on the Grid
Answers color-coded by a green-red scale on the quiz's grid according to % correct below.
Dani Alves
Fernando Torres
Juan Mata
David Luiz
Ramires
Nicolas Anelka
Paulo Ferreira
Ricardo Carvalho
Petr Čech
Deco
Lionel Messi
Cristiano Ronaldo
Paolo Maldini
Andrés Iniesta
Xavi Hernández
Iker Casillas
Raúl González
Thierry Henry
Zinédine Zidane
Ronaldinho
 
Statistiche sulle risposte
Risposta % Corretto
David Luiz
66%
Juan Mata
64%
Fernando Torres
61%
Petr Čech
58%
Ricardo Carvalho
50%
Deco
49%
Nicolas Anelka
49%
Ramires
49%
Paulo Ferreira
41%
Dani Alves
34%
Nessun quiz corrispondente trovato
Distribuzione punteggi
Percentuale di utenti per punteggio
Percentile per numero di risposta
I tuoi punteggi nel tempo
Non hai fatto questo quiz dall'ultimo reset